00683pam a22002175a 4500001000800000005001700008008004100025015001500066016001900081020001500100035002000115040002100135100002200156245005700178250001300235260003600248300005100284500005900335600002500394650004600419100772320200421093818.0990419s1998 enk 000 0beng  aGB98-737497 a00025522212Uk a0002552221 a(Uk)gb 98073749 aUkOxUcUkOxUdUk1 aCarr, Ian,d1933-10aMiles Davis :bthe definitive biography /cIan Carr. aRev. ed. aLondon :bHarperCollins,c1998. a658 p., [16] p. of plates :bill. ;c24 cm. aPrevious ed.: New York: Morrow; London: Quartet, 1982.10aDavis, Miles,d1926- 0aJazz musicianszUnited StatesxBiography.